000 00346 a2200169 4500
001 187573
020 _a978-85-260-1595-1
040 _cMagnum
100 _aFrança, Mary
240 1 0 _aDe cor em cor
_lpor
245 1 0 _aDe cor em cor
300 _a20
362 0 _a2011
440 1 _aGlobal
697 _aLITERATURA INFANTIL
942 _cBK
999 _c187573
_d187573